01353nam a2200385 i 4500001000700000003000800007005001700015006001900032007001500051008004100066017002600107020002800133035002200161040003100183050002400214080000800238082001200246100004600258245010200304264004700406300004000453336003100493337003300524338004300557490003000600500002200630504002000652588008300672650002700755650003400782655002700816700003000843830003100873856006300904114759FINmELB20241217174643.0m o u cr cn|||||||||210921s2016 sp o 001 0 spa d aB 9451-2016bEspaña a9788418532559q(e-book) a(OCoLC)1105418368 aFINmELBbspaerdacFINmELB 4aHD27.S6bH557 2016b a65804a6582231 aHernández Barruco, Luis Carlos,eautor.10aTécnicas para innovar y gestionar proyectos en logística /cLuis Carlos Hernández Barrueco. 1aBarcelona, España :bMarge Books,c2016. a1 recurso en línea (50 páginas) atextobtxt2rdacontent/spa acomputadorabc2rdamedia/spa arecurso en líneabcr2rdacarrier/spa1 aBiblioteca de Logística aIncluye índice. aIncluye anexos. aDescripción basada en metadatos suministrados por el editor y otras fuentes. 0aIndustrial management. 4aAdministración de empresas. 4aLibros electrónicos.1 aSoler, Héctor,eeditor. 0aBiblioteca de Logística.40uhttps://elibro.net/ereader/politecnicointernacional/172968